| 000 | 00707cab a2200217 4500 | ||
|---|---|---|---|
| 001 | WB3410-09 | ||
| 008 | 090401t1998 xxu||||| |||| 00| 0 eng d | ||
| 035 | _a(Sirsi) u84835 | ||
| 041 | _aeng | ||
| 245 | _aAsbestos u-turn | ||
| 260 | _c1998 | ||
| 350 | _a0 | ||
| 490 |
_aFinancial Times _v12 March 1998, 8(1) |
||
| 520 | _aA trade union leader condemns government for its u-turn on a previously declared ban on white asbestos which can cause cancer. The HSC is dropping the proposed ban from a forthcoming consultation paper. | ||
| 650 | _aCANCER | ||
| 650 | _aHEALTH HAZARDS | ||
| 650 | _aWHITE ASBESTOS | ||
| 690 | _aBUILT ENVIRONMENT-BUILDING STANDARDS | ||
| 942 | _n0 | ||
| 948 | _c12/03/1998 | ||
| 999 |
_c53345 _d53345 |
||